Statistics for Sports Teams By City

Click here to take the quiz!

General Stats

  • This quiz has been taken 513 times
    (504 since last reset)
  • The average score is 51 of 60

Answer Stats

HintTeam(s)% Correct
Los AngelesAngels, Clippers, Dodgers, Kings, Lakers
98%
ChicagoBears, Blackhawks, Bulls, Cubs, White Sox
97%
BostonBruins, Red Sox, Celtics
97%
DallasCowboys, Mavericks, Stars
97%
AtlantaBraves, Falcons, Hawks
96%
ClevelandBrowns, Indians, Cavaliers
96%
MiamiDolphins, Heat, Marlins
96%
DetroitLions, Red Wings, Tiger, Pistons
96%
New YorkRangers, Islanders, Knicks, Nets, Mets, Yankees, Jets, Giants
96%
HoustonAstros, Rockets, Texans
95%
DenverBroncos, Nuggets
95%
ArizonaCardinals, Coyotes, Diamonbacks
95%
BaltimoreRavens, Orioles
95%
BuffaloBills, Sabres
94%
CincinnatiBengals, Reds
93%
Green BayPackers
93%
MinnesotaTimberwolves, Twins, Vikings, Wild
93%
MilwaukeeBrewers, Bucks
92%
Kansas CityChiefs, Royals
92%
CarolinaPanthers, Hurricanes
92%
New EnglandPatriots
92%
St. LouisBlues, Cardinals, Rams
91%
Golden StateWarriors
91%
PhiladelphiaEagles, Flyers, Phillies, 76ers
90%
FloridaPanthers
90%
OaklandRaiders, Athletics
90%
JacksonvilleJaguars
89%
New OrleansPelicans, Saints
89%
IndianapolisColts
88%
PittsburghPenguins, Pirates, Steelers
88%
ColoradoAvalanche, Rockies
87%
CharlotteHornets
87%
SacramentoKings
86%
IndianaPacers
86%
Oklahoma CityThunder
86%
San Francisco49ers, Giants
85%
OrlandoMagic
85%
AnaheimDucks
82%
MemphisGrizzlies
82%
San AntonioSpurs
82%
PhoenixSuns
82%
San DiegoChargers, Padres
79%
PortlandTrail Blazers
79%
SeattleMariners, Seahawks
78%
EdmontonOilers
77%
TorontoBlue Jays, Maple Leafs, Raptors
76%
TampaBuccaneers, Lightning, Rays
76%
CalgaryFlames
76%
TennesseeTitans
76%
UtahJazz
74%
Washington, D.C.Capitals, Nationals, Redskins, Wizards
71%
WinnipegJets
68%
San JoseSharks
68%
New JerseyDevils
66%
NashvillePredators
66%
OttawaSenators
66%
ColumbusBlue Jackets
65%
MontrealCanadiens
65%
TexasRangers
64%
VancouverCanucks
59%

Score Distribution

Percentile by Number Answered

Percent of People with Each Score

Your Score History

You have not taken this quiz since the last reset